| 000 | 00600nam a2200217 a 4500 | ||
|---|---|---|---|
| 999 |
_c1508 _d1508 |
||
| 001 | 1508 | ||
| 003 | BD-JhCC | ||
| 005 | 20171021095047.0 | ||
| 008 | 171021s1380 bg |||| ||a| 000 0 ben d | ||
| 035 | _a(BD-JhCC)1508 | ||
| 040 |
_aBD-JhCC _dBD-JhCC |
||
| 041 | _aben | ||
| 082 |
_a491.443 _bSAM 1380 |
||
| 100 | _aসামাদ, বেদুঈন | ||
| 245 |
_aবেলা শেষে / _cবেদুঈন সামাদ |
||
| 260 |
_aযশোর : _bস্নেহ-নীড়, _c1380. |
||
| 300 |
_a215 p. : _c22 cm. |
||
| 650 | _aBengali Novel | ||
| 942 |
_2ddc _cBK |
||